Statistics for Haruki Murakami

Click here to take the quiz!

General Stats

  • This quiz has been taken 91 times
    (34 since last reset)
  • The average score is 10 of 19

Answer Stats

Original Publication YearTitle% Correct
2002Kafka on the Shore
93%
1987Norwegian Wood
93%
2009-20101Q84
81%
1988Dance Dance Dance
70%
1994-1995The Wind-Up Bird Chronicle
67%
2004After Dark
63%
1982A Wild Sheep Chase
59%
2014Men Without Women (short story collection)
56%
1999Sputnik Sweetheart
56%
1985Hard-Boiled Wonderland and the End of the World
44%
2018Killing Commendatore
44%
2020First Person Singular
41%
1992South of the Border, West of the Sun
41%
1993The Elephant Vanishes (short story collection)
37%
2000after the quake (short story collection)
33%
2013Colorless Tsukuru Tazaki and His Years of Pilgrimage
33%
1980Pinball, 1973
33%
1979Hear The Wind Sing
30%
2006Blind Willow, Sleeping Woman (short story collection)
26%

Score Distribution

Percentile by Number Answered

Percent of People with Each Score

Your Score History

You have not taken this quiz since the last reset